000 00363nam a22001337a 4500
999 _c4141
_d4141
008 200720b ||||| |||| 00| 0 eng d
100 _93405
_aSmith, J
245 1 0 _aCrankshaft design and manufacture /
_cbyJ. Smith
260 _aLondon :
_bWhitehall technical press ltd,
_c1946.
300 _a50 p.
365 _d8.10
650 0 _aWorkshop Technology
942 _cBK